Zdobywcy Złotej Piłki grający w Realu Madryt - Statystyki

Ogólne statystyki
  • Ten quiz został rozwiązany 1 996 razy
    400 od ostatniego zresetowania
  • Średni wynik to 8 z 11
Statystyki odpowiedzi
Lata triumfu Piłkarz % Poprawnych
2008, 2013, 2014, 2016, 2017 Cristiano Ronaldo
99%
1997, 2002 Ronaldo
98%
2022 Karim Benzema
96%
2018 Luka Modrić
95%
2007 Kaká
79%
1998 Zinédine Zidane
76%
1957, 1959 Alfredo Di Stéfano
75%
2000 Luís Figo
64%
2006 Fabio Cannavaro
62%
2001 Michael Owen
43%
1958 Raymond Kopa
20%
Nie znaleziono quizów pasujących do podanych kryteriów
Rozkład punktacji
Procent ludzi z każdym wynikiem
Percentyl według liczby udzielonych odpowiedzi
Twoja historia wyników
Nie rozwiązałeś tego quizu od ostatniego zresetowania